Můj dík píseň a slow-rock /

Hlavní autor: Bécaud, Gilbert, 1927-2001
Další autoři: Delanoë, Pierre, 1918-2006, Kopta, Pavel, 1930-1988
Jazyk: Čeština
Vydáno: Praha : Panton, 1969
Vydání: 1. vyd.
Edice: Pozdrav s písničkou
Fyzický popis: 3 s.
Hudebniny Hudebniny
Uloženo v:
LEADER 00922ncm a22002652a 4500
001 001079108
003 CZ BrMZK
005 20111026104922.0
007 qu
008 091210s1969 xr |||||||||||||||||cze d
040 |a BOA001  |b cze 
072 7 |a 784  |x Vokální hudba  |2 Konspekt  |9 9 
100 1 |a Bécaud, Gilbert,  |d 1927-2001  |7 jo20010085618  |4 cmp 
245 1 0 |a Můj dík  |h [hudebnina] :  |b píseň a slow-rock /  |c Gilbert Bécaud ; orig. text. Pierre Delanoe ; český text Pavel Kopta 
250 |a 1. vyd. 
260 |a Praha :  |b Panton,  |c 1969 
300 |a 3 s. 
490 1 |a Pozdrav s písničkou ;  |v 11 
700 1 |a Delanoë, Pierre,  |d 1918-2006  |7 xx0104015  |4 lyr 
700 1 |a Kopta, Pavel,  |d 1930-1988  |7 jk01061755  |4 lyr 
830 0 |a Pozdrav s písničkou 
910 |a BOA001  |b Mus1-0635.870 
990 |a MU 
991 |b 201003 
996 6 |b 2619448393  |c Mus1-0635.870  |l MZK  |r Sklad / do 1 hodiny  |n 0  |w 001100805  |u 000010  |a 1  |e BOA001  |j MZK50  |s P